Directed Evolution of Facial Composites utilising Principal Component Analysis

Gespeichert in:
Bibliographische Detailangaben
1. Verfasser: Zahradníková, Barbora (Verfasst von)
Weitere Verfasser: Schreiber, Peter (Betreuung Doktorarbeit)
Format: Manuskript Buch
Sprache:Slowakisch
Englisch
Veröffentlicht: 2019
Schlagworte:
Online-Zugang:http://is.stuba.sk/zp/portal_zp.pl?podrobnosti=132552
Tags: Tag hinzufügen
Keine Tags, Fügen Sie das erste Tag hinzu!

MARC

LEADER 00000ntm a22000003a 4500
001 stuzp57013
003 SK-STU
005 20191021093205.0
007 ta
008 150427s2015----xo-----f-mn---000-0-slo-d
035 |a biblio/143399  |2 CREPC2 
040 |a STU  |b slo 
041 0 |a eng 
044 |a xo 
100 1 |a Zahradníková, Barbora  |u 066000  |k Z3  |4 aut  |9 100  |U MTF Materiálovotechnologická fakulta  |T MTF Ústav aplikovanej informatiky, automatizácie a mechatroniky  |X 59595  |U M6000  |Y 86  |7 A000059595 
242 0 1 |a Evolučné vyvíjanie tvárí pomocou hlavných komponentov  |y slo 
245 1 0 |a Directed Evolution of Facial Composites utilising Principal Component Analysis 
260 |c 2019 
300 |a 128 s. 
650 4 |a identikit  |2 slo 
650 4 |a systém vykresľujúci identikity  |2 slo 
650 4 |a genetický algoritmus  |2 slo 
650 4 |a holistický prístup  |2 slo 
650 4 |a model tváre  |2 slo 
650 4 |a vnímanie tváre  |2 slo 
650 4 |a evolučný systém  |2 slo 
650 4 |a aplikovaná umelá inteligencia  |2 slo 
650 4 |a facial composite  |2 eng 
650 4 |a facial composite system  |2 eng 
650 4 |a genetic algorithm  |2 eng 
650 4 |a holistic approach  |2 eng 
650 4 |a facial model  |2 eng 
650 4 |a face perception  |2 eng 
650 4 |a evolutionary system  |2 eng 
650 4 |a applied artificial intelligence  |2 eng 
700 1 |a Schreiber, Peter  |u 066000  |k Z1  |4 ths  |U MTF Materiálovotechnologická fakulta  |T MTF Ústav aplikovanej informatiky, automatizácie a mechatroniky  |X 247  |U M6000  |Y 86  |7 A000000247 
856 4 |u http://is.stuba.sk/zp/portal_zp.pl?podrobnosti=132552 
996 |c M* DzP-658  |l MMSKP  |s P  |a 0  |w stuzp57013_0001